[Event "Sarajevo Bosna op 46th"]
[Site "Sarajevo"]
[Date "2016.05.29"]
[Round "2"]
[White "Vujicic, Dragisa"]
[Black "Lipovcic, Marko"]
[Result "1-0"]
[WhiteElo "1896"]
[BlackElo "1281"]
[PlyCount "85"]
[EventDate "2016.05.28"]
[EventType "swiss"]
[EventRounds "9"]
[EventCountry "BIH"]
[SourceTitle "EXT 2019"]
[Source "ChessBase"]
[SourceDate "2018.10.10"]
[SourceVersion "1"]
[SourceVersionDate "2018.10.10"]
[SourceQuality "1"]

1. e4 c5 2. Nc3 d6 3. g3 Nf6 4. Bg2 g6 5. d3 Bg7 6. Nge2 0-0 7. 0-0 Nc6 8. Bg5 a6 9. a4 Bd7 10. Qd2 Nb4 11. Nd1 Rb8 12. c3 Nc6 13. d4 Qa5 14. dxc5 Qxc5 15. Be3 Qa5 16. h3 Ne5 17. b3 Bc6 18. Qc2 Bb5 19. b4 Bd3 20. Qxd3 Qxb4 21. cxb4 Nxd3 22. Rb1 Rfc8 23. Nf4 Ne5 24. Nb2 Rc3 25. a5 Rbc8 26. Rfc1 R8c6 27. Na4 Ra3 28. Nb6 e6 29. Ne2 Ned7 30. Rxc6 bxc6 31. Nc4 Rd3 32. Nf4 Rc3 33. Nxd6 e5 34. Ne2 Rc2 35. Kf1 Bf8 36. Nb7 Rc4 37. Nd8 Be7 38. Nb7 Bxb4 39. Rc1 Rxc1+ 40. Nxc1 Kf8 41. Ke2 Ke7 42. Kd3 Ke8 43. Nb3 1-0